[Event "Amplico Life Europe-ch blitz"]
[Site "Warsaw POL"]
[Date "2013.12.13"]
[Round "10.2"]
[White "Miton, Kamil"]
[Black "Lysyj, Igor"]
[Result "1-0"]
[BlackElo "2593"]
[EventDate "2013.12.13"]
[WhiteElo "2578"]

1.d4 Nf6 2.c4 e6 3.g3 d5 4.Bg2 Be7 5.Nf3 O-O 6.O-O dxc4 7.Nc3 Nc6 8.e3 Rb8
9.Qa4 Nb4 10.Qxa7 Bd7 11.Ne5 Nfd5 12.Qxb8 Qxb8 13.Nxd7 Qa7 14.Nxf8 Bxf8
15.Bd2 c6 16.b3 b5 17.bxc4 bxc4 18.a4 Nc2 19.Rac1 Ncb4 20.Ne4 Qa6 21.Bxb4
Nxb4 22.Nd2 Qxa4 23.Rxc4 g6 24.Nf3 Qa2 25.Rfc1 Nd3 26.R1c2 Qb1+ 27.Bf1 Nb4
28.Rc1 Qb2 29.Ne5 h5 30.Nd3 Nxd3 31.Bxd3 Qd2 32.Bf1 h4 33.Rxc6 hxg3 34.hxg3
Bh6 35.R6c2 Qb4 36.Be2 Qa3 37.Kg2 Kg7 38.Bf3 Bg5 39.d5 exd5 40.Bxd5 Qd6
41.Bf3 Bd8 42.Rc6 Qe5 43.R1c5 Qb2 44.Rc2 Qe5 45.Rd2 Be7 46.Rd7 Kf8 47.Rc8+
Kg7 48.Re8 1-0

[Event "Amplico Life Europe-ch blitz"]
[Site "Warsaw POL"]
[Date "2013.12.13"]
[Round "10.3"]
[White "Wojtaszek, Radoslaw"]
[Black "Perunovic, Milos"]
[Result "1-0"]
[BlackElo "2569"]
[EventDate "2013.12.13"]
[WhiteElo "2711"]

1.c4 c5 2.Nf3 Nf6 3.d4 cxd4 4.Nxd4 Nc6 5.Nc3 e6 6.a3 Be7 7.e4 O-O 8.Nf3 Qc7
9.Be2 b6 10.O-O Bb7 11.Bg5 Rad8 12.Rc1 Qb8 13.Qc2 Ng4 14.Qd2 Nd4 15.Bf4 Nxe2+
16.Nxe2 d6 17.Nc3 Ne5 18.Qe2 Nxf3+ 19.Qxf3 Rc8 20.b3 f5 21.Qg3 fxe4 22.Rfe1
e5 23.Be3 Qa8 24.Rcd1 Rf7 25.a4 Bf8 26.Rd2 Qb8 27.Red1 Bc6 28.Qg4 Qb7 29.Nb5
Bxb5 30.axb5 Rd8 31.Rd5 a6 32.bxa6 Qxa6 33.Rb5 d5 34.Rbxd5 Rxd5 35.Rxd5 Qa2
36.Qd1 h6 37.Rd8 Kh7 38.h3 Bc5 39.Rd2 Qa5 40.Qc2 Bxe3 41.Qxe4+ g6 42.Qxe3 Kg7
43.Rd5 Qa1+ 44.Kh2 Qb2 45.f3 Re7 46.Rd6 e4 47.Rxb6 g5 48.f4 gxf4 49.Qxf4 Qe5
50.Qxe5+ Rxe5 51.Kg1 e3 52.Kf1 h5 53.Ke2 Kf7 54.b4 Ke7 55.c5 Kd7 56.Rd6+ Kc7
57.Rh6 Kb7 58.g4 hxg4 59.hxg4 Re4 60.Rb6+ Kc7 61.g5 Rg4 62.g6 Rg3 63.Re6 Kd7
64.Rd6+ Kc7 65.b5 Rg5 66.b6+ Kb7 67.Rd7+ 1-0

[Event "Amplico Life Europe-ch blitz"]
[Site "Warsaw POL"]
[Date "2013.12.13"]
[Round "10.4"]
[White "Tkachiev, Vladislav"]
[Black "Malakhov, Vladimir"]
[Result "1-0"]
[BlackElo "2708"]
[EventDate "2013.12.13"]
[WhiteElo "2688"]

1.e4 e5 2.Nc3 Nc6 3.g3 Nf6 4.Bg2 Bc5 5.Nge2 d6 6.d3 h6 7.O-O O-O 8.Na4 Be6
9.Nxc5 dxc5 10.b3 Qd6 11.f4 Bg4 12.h3 Bxe2 13.Qxe2 Nd4 14.Qf2 Nd7 15.Be3 a5
16.c3 Nc6 17.Rad1 f6 18.h4 a4 19.Bh3 b6 20.Qf3 axb3 21.axb3 Rf7 22.Bf5 Nf8
23.Qg4 Ra3 24.Qe2 Rxb3 25.Qc2 Ra3 26.Qb2 Ra8 27.Qb3 Na5 28.Qa2 Rd8 29.h5 c4
30.d4 exf4 31.Bxf4 Qc6 32.e5 Nb3 33.Qe2 fxe5 34.Bxe5 Qe8 35.Qg4 c5 36.Rde1
cxd4 37.Bxd4 Rxd4 38.Rxe8 Rxg4 39.Be6 Kh7 40.Bxf7 Nd2 41.Bg8+ Kh8 42.Rfxf8
Rxg3+ 43.Kf2 1-0

[Event "Amplico Life Europe-ch blitz"]
[Site "Warsaw POL"]
[Date "2013.12.13"]
[Round "10.5"]
[White "Salgado Lopez, Ivan"]
[Black "Korobov, Anton"]
[Result "0-1"]
[BlackElo "2753"]
[EventDate "2013.12.13"]
[WhiteElo "2524"]

1.e4 c5 2.c3 d5 3.exd5 Qxd5 4.Nf3 g6 5.Na3 Bg7 6.d4 Nf6 7.Bc4 Qe4+ 8.Be3 cxd4
9.Bxf7+ Kf8 10.cxd4 Bh6 11.O-O Bxe3 12.fxe3 Qxe3+ 13.Kh1 Kxf7 14.Nc4 Qh6
15.Qb3 Kg7 16.Rae1 Nc6 17.d5 Nxd5 18.Nce5 Rd8 19.Nxc6 bxc6 20.Ne5 Bf5 21.Nxc6
Qg5 22.Nxd8 Rxd8 23.Qb7 Rd7 24.Qc6 Qf6 25.Qb5 Qb6 26.Qe2 h5 27.b3 Nf6 28.Rd1
Rc7 29.Qe5 Qc5 30.Qf4 e5 31.Qh4 e4 32.Qf4 Re7 33.Rfe1 e3 34.Rc1 Qe5 35.Qxe5
Rxe5 36.Rc7+ Kh6 37.Rxa7 e2 38.Kg1 Bc2 39.h3 Bd1 40.Rc7 Nd5 41.Rc5 Kg5 42.b4
Kf4 43.Kf2 Nxb4 44.g3+ Kf5 45.g4+ hxg4 46.hxg4+ Kf4 47.Rc4+ Re4 0-1

[Event "Amplico Life Europe-ch blitz"]
[Site "Warsaw POL"]
[Date "2013.12.13"]
[Round "10.6"]
[White "Antipov, Mikhail Al."]
[Black "Sargissian, Gabriel"]
[Result "0-1"]
[BlackElo "2702"]
[EventDate "2013.12.13"]
[WhiteElo "2517"]

1.e4 e5 2.Nf3 Nc6 3.Bb5 Nf6 4.d3 Bc5 5.O-O d6 6.c3 O-O 7.Re1 Ne7 8.d4 exd4
9.cxd4 Bb6 10.Nc3 Bg4 11.Be3 Nc6 12.Be2 Re8 13.d5 Bxe3 14.dxc6 Bb6 15.cxb7
Rb8 16.Bb5 c6 17.Bxc6 Bxf2+ 18.Kxf2 Qb6+ 19.Qd4 Qxc6 20.e5 dxe5 21.Nxe5 Qxb7
22.Nxg4 Qxb2+ 23.Kg3 Nxg4 24.Kxg4 Qxg2+ 25.Kf4 Qxh2+ 26.Kf3 Qh3+ 27.Kf2 Red8
28.Rab1 Qh2+ 0-1

[Event "Amplico Life Europe-ch blitz"]
[Site "Warsaw POL"]
[Date "2013.12.13"]
[Round "10.7"]
[White "Dourerassou, Jonathan"]
[Black "Dubov, Daniil"]
[Result "0-1"]
[BlackElo "2683"]
[EventDate "2013.12.13"]
[WhiteElo "2505"]

1.e4 c5 2.Nc3 Nc6 3.Nge2 Nf6 4.d4 cxd4 5.Nxd4 d6 6.Bg5 e6 7.Qd2 a6 8.O-O-O
Bd7 9.f4 b5 10.Bxf6 gxf6 11.Kb1 Qb6 12.Nxc6 Bxc6 13.f5 b4 14.Ne2 e5 15.Ng3 h5
16.h4 Qc5 17.Bd3 Bh6 18.Qe2 Ke7 19.Nxh5 Qe3 20.Qxe3 Bxe3 21.g4 Rag8 22.Rh3
Bc5 23.Be2 Bxe4 24.Ng3 Bb7 25.Rh2 Be3 26.Rd3 Bf4 27.Rb3 a5 28.a3 Bd5 29.c4
bxc3 30.Rxc3 Rc8 31.Rh3 Rxc3 32.bxc3 Bxg3 33.Rxg3 Rxh4 34.c4 Bc6 35.Kc1 Rh1+
36.Kd2 Ra1 37.Rb3 Ra2+ 38.Ke3 Kd7 39.Rd3 Kc7 40.Bd1 Bb7 41.Rc3 Ra1 42.Be2 Rb1
43.Bd3 Rg1 44.Be2 Rg3+ 45.Kd2 Rxc3 46.Kxc3 Kb6 47.Bd1 Kc5 48.Be2 Ba6 49.Bd3
d5 50.cxd5 Bxd3 51.Kxd3 Kxd5 52.Ke3 e4 53.a4 Ke5 54.Kd2 Kf4 55.Ke2 Kxg4 0-1

[Event "Amplico Life Europe-ch blitz"]
[Site "Warsaw POL"]
[Date "2013.12.13"]
[Round "10.8"]
[White "Stupak, Kirill"]
[Black "Socko, Bartosz"]
[Result "1-0"]
[BlackElo "2618"]
[EventDate "2013.12.13"]
[WhiteElo "2517"]

1.d4 Nf6 2.g3 c5 3.d5 b5 4.a4 b4 5.c4 d6 6.b3 g6 7.Bb2 Bg7 8.Bg2 O-O 9.Nd2
Nbd7 10.e4 Re8 11.Ne2 e6 12.dxe6 Ne5 13.exf7+ Kxf7 14.Qc2 Bb7 15.O-O Kg8
16.Nf4 g5 17.Nd5 Nxd5 18.exd5 g4 19.f4 gxf3 20.Nxf3 Qd7 21.Ng5 Ng6 22.Bh3 Qc7
23.Be6+ Kh8 24.Rf7 1-0

[Event "Amplico Life Europe-ch blitz"]
[Site "Warsaw POL"]
[Date "2013.12.13"]
[Round "11.1"]
[White "Miton, Kamil"]
[Black "Tkachiev, Vladislav"]
[Result "1/2-1/2"]
[BlackElo "2688"]
[EventDate "2013.12.13"]
[WhiteElo "2578"]

1.d4 Nf6 2.c4 e6 3.Nf3 b6 4.g3 Bb4+ 5.Bd2 Be7 6.Bg2 Bb7 7.O-O O-O 8.Nc3 c6
9.e4 d5 10.e5 Ne4 11.Qc2 Nxd2 12.Nxd2 dxc4 13.Nxc4 Ba6 14.Ne2 Nd7 15.Rfd1 Rc8
16.b3 Qc7 17.Nf4 Rfd8 18.h4 Qb8 19.a4 Nf8 20.Rac1 Ng6 21.Nxg6 hxg6 22.Qe4 Rd7
23.Qg4 Bb7 24.Ne3 Qa8 25.Rc2 Rcd8 26.Rcd2 Bb4 27.Rd3 Ba3 28.h5 gxh5 29.Qxh5
Bf8 30.Be4 g6 31.Qh1 c5 32.d5 exd5 33.Nxd5 Bg7 34.Nf6+ Bxf6 35.Bxb7 Qxb7
36.Qxb7 Rxb7 37.Rxd8+ Bxd8 38.Rxd8+ Kg7 39.Rd6 b5 40.a5 Rc7 41.Kf1 c4 42.bxc4
bxc4 43.Ke1 Rc5 44.Ra6 Rxe5+ 45.Kd2 Re7 46.Kc3 Rc7 47.Rd6 g5 48.Rd4 Kf6
1/2-1/2

[Event "Amplico Life Europe-ch blitz"]
[Site "Warsaw POL"]
[Date "2013.12.13"]
[Round "11.2"]
[White "Korobov, Anton"]
[Black "Rapport, Richard"]
[Result "1-0"]
[BlackElo "2598"]
[EventDate "2013.12.13"]
[WhiteElo "2753"]

1.d4 Nc6 2.Nf3 d6 3.c4 e5 4.Nc3 Nf6 5.d5 Ne7 6.e4 g6 7.Be2 Bg7 8.O-O b6 9.b4
a5 10.Ba3 Nd7 11.bxa5 Rxa5 12.Bb4 Ra8 13.a4 Nc5 14.a5 bxa5 15.Bxa5 Bd7 16.Nd2
O-O 17.Nb3 Nb7 18.Bb4 c5 19.Ba3 Qc7 20.Nd2 Bh6 21.Qc2 Ra7 22.Bb2 Rfa8 23.Rxa7
Rxa7 24.Nb5 Bxb5 25.cxb5 Nc8 26.f4 Ra2 27.fxe5 Be3+ 28.Kh1 Bd4 29.Nc4 Nb6
30.e6 Nxc4 31.exf7+ Qxf7 32.Rxf7 Kxf7 33.Qxc4 Rxb2 34.h4 Be5 35.g4 Na5 36.Qa4
Rb1+ 37.Kg2 Ra1 38.Qc2 Ra3 39.b6 Nb7 40.Qb1 Ra5 41.Bb5 Ra1 42.Qc2 Ra8 43.Bc6
Rb8 44.Qa4 c4 45.Qa7 c3 1-0

[Event "Amplico Life Europe-ch blitz"]
[Site "Warsaw POL"]
[Date "2013.12.13"]
[Round "11.4"]
[White "Wojtaszek, Radoslaw"]
[Black "Azarov, Sergei"]
[Result "1-0"]
[BlackElo "2614"]
[EventDate "2013.12.13"]
[WhiteElo "2711"]

1.d4 d5 2.c4 e6 3.Nf3 Nf6 4.g3 Bb4+ 5.Bd2 Be7 6.Bg2 O-O 7.O-O c6 8.Qc2 b6
9.Bf4 Ba6 10.b3 Nbd7 11.Rd1 Nh5 12.Bc1 Nhf6 13.Bb2 Rc8 14.Nc3 dxc4 15.Nd2 b5
16.bxc4 bxc4 17.Rab1 Qe8 18.e4 e5 19.dxe5 Nxe5 20.Na4 Nd3 21.Nxc4 Nxb2
22.Naxb2 Bc5 23.Nd3 Bd4 24.Nd6 Qe7 25.Nxc8 Bxc8 26.Nb4 c5 27.Nc6 Qe8 28.Nxd4
cxd4 29.Rb8 Nd7 30.Ra8 Nb6 31.Rxa7 Be6 32.Rxd4 Qb5 33.h3 h6 34.Rc7 Ra8 35.a4
Nxa4 36.e5 Rb8 37.Qxa4 1-0

[Event "Amplico Life Europe-ch blitz"]
[Site "Warsaw POL"]
[Date "2013.12.13"]
[Round "11.5"]
[White "Duda, Jan-krzysztof"]
[Black "Sargissian, Gabriel"]
[Result "1/2-1/2"]
[BlackElo "2702"]
[EventDate "2013.12.13"]
[WhiteElo "2512"]

1.e4 e5 2.Nf3 Nc6 3.Bb5 Nf6 4.d3 Bc5 5.O-O d6 6.c3 O-O 7.Nbd2 Ne7 8.Re1 c6
9.Ba4 Ng6 10.Nf1 d5 11.exd5 cxd5 12.Ng3 Qb6 13.d4 exd4 14.Nxd4 Bg4 15.f3 Bd7
16.Bc2 Rfe8 17.Rf1 Ne5 18.b3 Nc6 19.Bb2 Nxd4 20.cxd4 Bd6 21.Nf5 Bf4 22.Kh1 g6
23.g3 Bxf5 24.Bxf5 Bh6 25.Bd3 Rac8 26.Kg2 a6 27.Re1 Qd6 28.Rxe8+ Rxe8 29.Qc2
Nd7 30.Rd1 Nb8 31.Bc1 Bxc1 32.Qxc1 Nc6 33.Bf1 Qb4 34.Qd2 Qxd2+ 35.Rxd2 Kg7
36.Kf2 h5 37.h4 f5 38.Bg2 Kf6 39.f4 Rd8 40.Ke3 Re8+ 41.Kd3 Rd8 42.Re2 Nb4+
43.Kc3 Nc6 44.a3 Rc8 45.Kd3 Rd8 46.b4 Kf7 47.Bf3 Kf6 48.Re1 Kf7 49.Rc1 Rd7
50.Rc5 Ne7 51.a4 Ke6 52.b5 a5 53.b6 Rd6 54.Rxa5 Rxb6 55.Rb5 Rxb5 56.axb5 b6
57.Kc3 Nc8 58.Be2 Nd6 59.Kd2 Ne4+ 60.Ke3 Nxg3 61.Bd3 Ne4 62.Kf3 Nc3 63.Ke3
Ne4 64.Kf3 Nd6 65.Ke3 Ne8 66.Kf3 Nf6 67.Ke3 Ng4+ 68.Kf3 Nh6 69.Ke3 Kd6 70.Be2
Nf7 71.Bf3 Nd8 72.Be2 Ne6 73.Bd3 Nf8 74.Be2 Nd7 75.Bd3 Nf6 76.Kf3 Ne4 77.Ke3
Ke7 78.Be2 Nd6 79.Bd3 Ne8 80.Kf3 Nc7 81.Kf2 Ne6 82.Ke3 Nc7 83.Be2 Ne8 84.Bd3
Nd6 85.Kf3 Nc4 86.Ke2 Kd6 87.Kf2 Nb2 88.Be2 Na4 89.Ke3 Nc3 90.Bd3 1/2-1/2

[Event "Amplico Life Europe-ch blitz"]
[Site "Warsaw POL"]
[Date "2013.12.13"]
[Round "11.6"]
[White "Dragun, Kamil"]
[Black "Cheparinov, Ivan"]
[Result "1-0"]
[BlackElo "2668"]
[EventDate "2013.12.13"]
[WhiteElo "2445"]

1.d4 Nf6 2.c4 g6 3.Nc3 Bg7 4.e4 d6 5.Be2 O-O 6.Bg5 Na6 7.f4 c6 8.Bf3 Nc7
9.Nge2 Qe8 10.O-O h6 11.Bh4 e5 12.Bg3 exd4 13.Nxd4 Qe7 14.Qd2 Bd7 15.Kh1 Rad8
16.Rae1 Bc8 17.Nc2 Rfe8 18.Qd3 Ne6 19.b4 Nh7 20.Nd5 Qf8 21.Nde3 Nf6 22.a3 a5
23.Qb3 axb4 24.axb4 h5 25.h3 h4 26.Bh2 Bh6 27.Ng4 Nxg4 28.Bxg4 f5 29.exf5
gxf5 30.Bh5 Re7 31.Qd3 Qf6 32.Ne3 Ng7 33.Bf3 Rde8 34.Nc2 Rxe1 35.Nxe1 Ne6
36.Qxd6 Rd8 37.Qb8 Nd4 38.Bg1 Be6 39.Qxb7 Bxc4 40.Rf2 Bxf4 41.Nc2 Bg3 42.Nxd4
Bxf2 43.Bxf2 Bd5 44.Qc7 Bxf3 45.Nxf3 Rd5 46.Bxh4 Qe6 47.Kh2 Rd7 48.Qc8+ Kg7
49.Bg3 Re7 50.Be5+ Kg6 51.Qh8 Qd5 52.Nh4+ Kf7 53.Nf3 Ke6 54.Qf6+ Kd7 55.Bf4
Qe6 56.Qd4+ Qd5 57.Qf6 Qe6 58.Ne5+ Kc8 59.Qf8+ Kb7 60.Nd3 Re8 61.Nc5+ Kc8
62.Nxe6 1-0

[Event "Amplico Life Europe-ch blitz"]
[Site "Warsaw POL"]
[Date "2013.12.13"]
[Round "11.7"]
[White "Perunovic, Milos"]
[Black "Socko, Bartosz"]
[Result "0-1"]
[BlackElo "2618"]
[EventDate "2013.12.13"]
[WhiteElo "2569"]

1.e4 e6 2.d4 d5 3.Nc3 Bb4 4.e5 Ne7 5.a3 Bxc3+ 6.bxc3 c5 7.a4 Qa5 8.Bd2 Nbc6
9.Nf3 Bd7 10.Bb5 Qc7 11.O-O Na5 12.Bd3 Nc4 13.Bc1 cxd4 14.cxd4 h6 15.Re1
O-O-O 16.Ba3 Nxa3 17.Rxa3 Kb8 18.a5 Nc6 19.Qd2 Rc8 20.Rb1 Ka8 21.h4 f6 22.Re1
fxe5 23.dxe5 Rhf8 24.a6 b6 25.Bb5 Nxe5 26.Rxe5 Bxb5 27.Rxe6 Qxc2 28.Qxc2 Rxc2
29.Nd4 Rc1+ 30.Kh2 Bf1 31.Re7 g5 32.Ne6 Rfc8 33.hxg5 hxg5 34.Nxg5 d4 35.Rd7
d3 36.Nf3 Rh8+ 37.Kg3 Rg8+ 38.Kf4 Be2 39.Ne5 Rf8+ 40.Ke3 Bf1 41.Nxd3 Rd1
42.f4 Bxg2 43.Ke2 Rh1 44.Ne5 Rh2 45.Ke3 Bf1 46.Nc6 Re8+ 47.Kf3 Bg2+ 48.Kg3
Bxc6 49.Rc7 Rh6 50.Re3 Rxe3+ 51.Kf2 Re8 0-1

[Event "Amplico Life Europe-ch blitz"]
[Site "Warsaw POL"]
[Date "2013.12.13"]
[Round "11.8"]
[White "Moiseenko, Alexander"]
[Black "Drozdowski, Kacper"]
[Result "1-0"]
[BlackElo "2475"]
[EventDate "2013.12.13"]
[WhiteElo "2642"]

1.d4 d5 2.c4 e6 3.Nf3 c6 4.e3 f5 5.Bd3 Bd6 6.O-O Qf6 7.b3 Nd7 8.Ba3 Bc7 9.Qc2
Nh6 10.Nc3 Bd8 11.Rfe1 Kf7 12.cxd5 exd5 13.b4 Re8 14.b5 Kg8 15.bxc6 bxc6
16.Na4 Ba5 17.Rec1 Re6 18.Rab1 g6 19.Bb2 Nf7 20.Ba1 Bc7 21.Nc5 Nxc5 22.Qxc5
Bd7 23.Rb7 Bb6 24.Rxd7 Bxc5 25.dxc5 Ne5 26.Nxe5 Rxe5 27.f4 Qe6 28.Rd6 Qxd6
29.cxd6 Rxe3 30.Ba6 Rd8 31.Be5 Ra3 32.Rxc6 Rxa2 33.h4 d4 34.Bc4+ 1-0

[Event "Amplico Life Europe-ch blitz"]
[Site "Warsaw POL"]
[Date "2013.12.13"]
[Round "12.2"]
[White "Rapport, Richard"]
[Black "Korobov, Anton"]
[Result "0-1"]
[BlackElo "2753"]
[EventDate "2013.12.13"]
[WhiteElo "2598"]

1.b3 d5 2.Bb2 c5 3.e3 Nc6 4.Bb5 Bd7 5.f4 e6 6.Nf3 Nf6 7.O-O Be7 8.Bxc6 Bxc6
9.Ne5 Rc8 10.a4 O-O 11.d3 Be8 12.Nd2 Nd7 13.Kh1 f6 14.Ng4 Nb8 15.e4 Nc6 16.f5
dxe4 17.dxe4 exf5 18.Rxf5 Bg6 19.Rd5 Qc7 20.Nc4 Bxe4 21.Rd7 Qf4 22.Bc1 Qf5
23.Nge3 Qe6 24.Rxb7 f5 25.Bb2 Nd4 26.Rxa7 f4 27.Qg4 Qxg4 28.Nxg4 Rce8 29.Re1
Bh4 30.Bxd4 cxd4 31.Rf1 f3 32.gxf3 Bxf3+ 33.Rxf3 Rxf3 34.Nce5 Rc3 35.Rd7 h5
36.Ng6 hxg4 37.Nxh4 Rxc2 38.Ng2 0-1

[Event "Amplico Life Europe-ch blitz"]
[Site "Warsaw POL"]
[Date "2013.12.13"]
[Round "12.4"]
[White "Azarov, Sergei"]
[Black "Wojtaszek, Radoslaw"]
[Result "0-1"]
[BlackElo "2711"]
[EventDate "2013.12.13"]
[WhiteElo "2614"]

1.e4 c6 2.d4 d5 3.Nc3 dxe4 4.Nxe4 Nd7 5.Nf3 Ngf6 6.Nxf6+ Nxf6 7.c3 Bg4 8.h3
Bxf3 9.Qxf3 Qd5 10.Be2 Qxf3 11.Bxf3 e6 12.Bd2 Be7 13.O-O-O O-O-O 14.Kc2 Rd7
15.Be3 Nd5 16.Bc1 Rhd8 17.Rhe1 Bf6 18.a3 Ne7 19.Bf4 Nd5 20.Bg3 Ne7 21.b4 Nf5
22.Bf4 a6 23.a4 Ne7 24.b5 Nd5 25.bxc6 bxc6 26.Bg3 a5 27.Rb1 Rb7 28.Be2 Rb6
29.Rb3 Rxb3 30.Kxb3 Kb7 31.Rb1 Be7 32.Kc2+ Ka7 33.Be5 g6 34.Bd3 Bd6 35.Bxd6
Rxd6 36.g3 Nb6 37.h4 h5 38.f3 Rd8 39.Kb3 Rb8 40.Kc2 Rc8 41.Kb3 c5 42.dxc5
Rxc5 43.Be4 f5 44.Bd3 Nd5 45.Bc4 e5 46.Rd1 Ne3 47.Rd7+ Kb6 48.Bf7 Nf1 49.Bxg6
Nxg3 50.Rf7 Ne2 51.Bxf5 Rxc3+ 52.Kb2 Rxf3 53.Rf6+ Kc5 54.Rf7 Nd4 55.Bg6 Rb3+
56.Kc1 Rh3 57.Bxh5 Rxh4 58.Bd1 e4 59.Rg7 e3 60.Re7 Rh3 61.Kb2 Rh2+ 62.Kc3 e2
63.Bxe2 Nxe2+ 64.Kd3 Nc1+ 65.Kc3 Na2+ 66.Kb3 Nb4 67.Re5+ Kb6 68.Rb5+ Ka6
69.Kc4 Rh4+ 70.Kb3 Nc6 71.Rc5 Rb4+ 72.Ka3 Kb6 73.Rd5 Nd4 74.Rh5 Rb3+ 75.Ka2
Rc3 76.Rd5 Rc4 77.Ka3 Nc2+ 78.Kb3 Ne3 79.Re5 Rb4+ 80.Kc3 Nd1+ 81.Kc2 Nb2
82.Re6+ Kc7 83.Re7+ Kd6 84.Rh7 Nxa4 85.Rh6+ Kc7 86.Ra6 Rb5 0-1

[Event "Amplico Life Europe-ch blitz"]
[Site "Warsaw POL"]
[Date "2013.12.13"]
[Round "12.5"]
[White "Sargissian, Gabriel"]
[Black "Duda, Jan-krzysztof"]
[Result "1/2-1/2"]
[BlackElo "2512"]
[EventDate "2013.12.13"]
[WhiteElo "2702"]

1.d4 Nf6 2.Nf3 e6 3.c4 b6 4.g3 Bb7 5.Bg2 Be7 6.O-O O-O 7.Re1 d5 8.cxd5 exd5
9.Nc3 Nbd7 10.Ne5 Re8 11.Qa4 c5 12.Nxd7 Nxd7 13.Nxd5 cxd4 14.Qxd4 Bc5 15.Qd1
Nf6 16.Nc3 Qe7 17.e3 Rad8 18.Qe2 Bxg2 19.Kxg2 Bb4 20.Bd2 Ne4 21.Red1 Bxc3
22.Bxc3 Qb7 23.Qf3 Qc8 24.Rxd8 Qxd8 25.Rd1 Qg5 26.h4 Qg6 27.Bd4 h6 28.Rc1 Qe6
29.a3 Nd2 30.Qc6 Qe7 31.Rc2 Ne4 32.Qd5 Rd8 33.Qe5 Qxe5 34.Bxe5 f6 35.Bd4 Rd7
36.Kf3 Nd6 37.g4 Kf7 38.h5 Ke6 39.Ke2 f5 40.f3 fxg4 41.fxg4 Nb5 42.Kd3 Nxd4
43.exd4 Rf7 44.Rc6+ Kd5 45.Rg6 Rf3+ 46.Kc2 Rf7 47.Kd3 Rf3+ 48.Ke2 Rf7 49.Ke3
Re7+ 50.Kd3 Rf7 51.g5 Rf3+ 52.Kc2 Rh3 53.gxh6 gxh6 54.Rxh6 Kxd4 55.Rh8 Kc4
56.Rc8+ Kb5 57.Rh8 Kc4 58.h6 Rh2+ 59.Kc1 Kb3 60.h7 Rh1+ 61.Kd2 Kxb2 62.a4 Ka3
63.a5 bxa5 64.Kc2 a4 65.Ra8 Rxh7 66.Kb1 Rh1+ 67.Kc2 Rh7 68.Kb1 Rb7+ 69.Ka1
Rg7 70.Kb1 Rg1+ 71.Kc2 Ka2 72.Rxa7 a3 73.Ra8 Rg2+ 74.Kc1 Rg3 75.Rc8 Rb3
76.Kc2 Rb2+ 77.Kc1 Kb3 78.Rb8+ Ka2 79.Rc8 Ka1 80.Rc7 Rh2 81.Rc8 Ka2 82.Rc7
Rh5 83.Rc8 Ra5 84.Rc7 Rb5 85.Rc8 Ka1 86.Rc7 Rb1+ 87.Kc2 Rb2+ 88.Kc1 a2 89.Rc8
Rb1+ 90.Kc2 Rh1 91.Rc7 Rh2+ 92.Kc1 Rh1+ 93.Kc2 Rc1+ 94.Kxc1 1/2-1/2

[Event "Amplico Life Europe-ch blitz"]
[Site "Warsaw POL"]
[Date "2013.12.13"]
[Round "12.6"]
[White "Cheparinov, Ivan"]
[Black "Dragun, Kamil"]
[Result "0-1"]
[BlackElo "2445"]
[EventDate "2013.12.13"]
[WhiteElo "2668"]

1.d4 Nf6 2.c4 e6 3.Nf3 Bb4+ 4.Bd2 c5 5.Bxb4 cxb4 6.g3 O-O 7.Bg2 d6 8.a3 bxa3
9.Rxa3 Nc6 10.O-O a5 11.Nbd2 Qe7 12.Re1 e5 13.d5 Nb4 14.Nh4 b6 15.Rc3 Bd7
16.Nf1 Rac8 17.Ne3 g6 18.Qd2 Na2 19.Ra3 Nb4 20.Rf1 Ng4 21.Nxg4 Bxg4 22.h3 Bd7
23.Rc3 e4 24.f4 exf3 25.Nxf3 b5 26.cxb5 Bxb5 27.Nd4 Bd7 28.Ra1 Qd8 29.Nc6
Bxc6 30.dxc6 d5 31.Kh2 Re8 32.Rf1 Re7 33.e3 Rec7 34.Qf2 Qe7 35.Ra3 Ra7 36.Rc1
Qd6 37.e4 d4 38.e5 Qxe5 39.Re1 Qd6 40.Rf3 Nxc6 41.Rf6 Qc5 42.Qf4 Nb4 43.Re5
Qf8 44.Be4 d3 45.h4 Rd7 46.Bf3 d2 47.Bd1 Nd3 0-1

[Event "Amplico Life Europe-ch blitz"]
[Site "Warsaw POL"]
[Date "2013.12.13"]
[Round "12.7"]
[White "Socko, Bartosz"]
[Black "Perunovic, Milos"]
[Result "1/2-1/2"]
[BlackElo "2569"]
[EventDate "2013.12.13"]
[WhiteElo "2618"]

1.d4 Nf6 2.c4 c5 3.d5 b5 4.cxb5 a6 5.e3 g6 6.Nc3 Bg7 7.Nf3 O-O 8.bxa6 Nxa6
9.Bc4 d6 10.O-O Nc7 11.e4 Nd7 12.Re1 Nb6 13.Bf1 f5 14.exf5 Rxf5 15.Bd3 Rf8
16.Bg5 Rf7 17.Be4 Bb7 18.Bh4 Qd7 19.Ng5 Rf4 20.g3 Rxh4 21.gxh4 Nc4 22.Qe2 Ba6
23.Bg2 Ne5 24.Qe3 Nd3 25.Qxe7 Qf5 26.Nce4 Nxd5 27.Qxd6 N5f4 28.Ng3 Qf8
29.Qxf8+ Rxf8 30.Re7 Nxg2 31.Kxg2 Rxf2+ 32.Kg1 Bd4 33.Ne6 Rf7+ 34.Nxd4 Rxe7
35.Nb3 c4 36.Nd4 Nxb2 37.Rc1 Nd3 38.Rc3 Re1+ 39.Kg2 Ra1 40.Ra3 Bb7+ 41.Nf3
Ne1+ 42.Kf2 Bxf3 43.Re3 c3 44.Rxe1 Rxe1 45.Kxe1 Kf7 46.a4 Ke6 47.a5 Kd6 48.h5
g5 49.Nf5+ Kc5 50.a6 Kb6 51.Nd4 Bxh5 52.a7 Kxa7 53.Nb5+ Kb6 54.Nxc3 Bg6
55.Kf2 Kc5 56.Kg3 Kd4 57.Nb5+ Ke5 58.Nc3 h5 59.h4 gxh4+ 1/2-1/2

[Event "Amplico Life Europe-ch blitz"]
[Site "Warsaw POL"]
[Date "2013.12.13"]
[Round "12.8"]
[White "Drozdowski, Kacper"]
[Black "Moiseenko, Alexander"]
[Result "1/2-1/2"]
[BlackElo "2642"]
[EventDate "2013.12.13"]
[WhiteElo "2475"]

1.e4 c5 2.Nf3 Nc6 3.Nc3 e5 4.Bc4 Be7 5.d3 Nf6 6.O-O O-O 7.a4 d6 8.h3 Kh8
9.Nh2 Be6 10.f4 exf4 11.Bxf4 d5 12.exd5 Nxd5 13.Nxd5 Bxd5 14.Bxd5 Qxd5 15.Kh1
Bf6 16.Qf3 Rad8 17.Qxd5 Rxd5 18.Ng4 Bxb2 19.Rab1 Bd4 20.Rxb7 Rf5 21.Rbb1 h5
22.Nh2 Nb4 23.c3 Bxc3 24.Bd6 Rxf1+ 25.Rxf1 Rc8 26.Rxf7 Nxd3 27.Nf3 a5 28.Rf5
c4 29.Rxh5+ Kg8 30.Rb5 Bb4 31.Rb8 Rxb8 32.Bxb8 c3 33.Nd4 Bc5 34.Nb3 c2 35.Bc7
Bb4 36.Kg1 c1=Q+ 37.Nxc1 Nxc1 38.Kf2 Nd3+ 39.Ke3 Nc5 40.Kd4 Nxa4 41.Kc4 Nb2+
42.Kb3 Nd3 43.h4 Kf7 44.g4 Nc5+ 45.Kc4 Ne6 46.Be5 Be1 47.h5 a4 48.Bb2 Bd2
49.Kb5 Be3 50.Kxa4 Nc5+ 51.Kb5 Nd3 52.Bc3 Nf2 53.Kc4 Nxg4 54.Kd3 Bh6 55.Bxg7
Bxg7 56.Ke4 Nf6+ 57.Kf5 Nxh5 58.Kg5 Nf6 59.Kf5 Bf8 60.Ke5 Kg6 61.Ke6 Kg5
62.Ke5 Bc5 63.Ke6 Bd4 64.Kd6 Kf5 65.Kc6 Ke5 66.Kb5 Kd5 67.Kb4 Ne4 68.Kb3 Bc5
69.Ka4 Kc4 70.Ka5 Nd6 71.Ka6 Be3 72.Ka5 Kc5 73.Ka6 Kc6 74.Ka5 Bd4 75.Ka6 Bc5
76.Ka5 Nb5 77.Ka6 Nc7+ 78.Ka5 Kd5 79.Ka4 Kc4 80.Ka5 Ba7 81.Ka4 Bb6 82.Ka3
Nb5+ 83.Kb2 Nc3 84.Kc2 Be3 85.Kb2 Nd5 86.Kc2 Nb4+ 87.Kd1 Kd3 88.Ke1 Nc2+
89.Kf1 Nd4 90.Kg2 Ke4 91.Kg3 Nf5+ 92.Kg4 Bf4 93.Kh3 Nh6 94.Kh4 Kf5 95.Kh5 Ng4
96.Kh4 Nf2 97.Kh5 Bg3 98.Kh6 Be5 99.Kh5 Bf6 100.Kh6 Ne4 101.Kh5 Nd6 102.Kh6
Nf7+ 103.Kh5 Ne5 104.Kh6 Ke6 105.Kh5 Kf7 1/2-1/2

[Event "Amplico Life Europe-ch blitz"]
[Site "Warsaw POL"]
[Date "2013.12.13"]
[Round "13.1"]
[White "Miton, Kamil"]
[Black "Korobov, Anton"]
[Result "0-1"]
[BlackElo "2753"]
[EventDate "2013.12.13"]
[WhiteElo "2578"]

1.d4 Nf6 2.c4 g6 3.Nc3 Bg7 4.e4 d6 5.f3 O-O 6.Bg5 Nc6 7.Nge2 a6 8.Qd2 Na5
9.Ng3 b5 10.O-O-O b4 11.Nd5 Nxd5 12.cxd5 c6 13.dxc6 Nxc6 14.Be3 b3 15.a3 d5
16.e5 f6 17.exf6 exf6 18.Kb1 f5 19.Ne2 Qd6 20.h4 Bd7 21.h5 Rae8 22.hxg6 hxg6
23.Bh6 f4 24.Nc3 Re3 25.Bxg7 Kxg7 26.g3 Bf5+ 27.Ka1 Nb4 28.axb4 Qxb4 29.Nb1
Qxd2 30.Nxd2 fxg3 31.Bg2 Re2 32.Rhg1 Bc2 33.Rde1 Rxd2 34.Re7+ Rf7 35.Re5 Rxd4
36.Bh3 Ra4# 0-1

[Event "Amplico Life Europe-ch blitz"]
[Site "Warsaw POL"]
[Date "2013.12.13"]
[Round "13.2"]
[White "Tkachiev, Vladislav"]
[Black "Wojtaszek, Radoslaw"]
[Result "0-1"]
[BlackElo "2711"]
[EventDate "2013.12.13"]
[WhiteElo "2688"]

1.d4 Nf6 2.c4 e6 3.Nc3 Bb4 4.e3 O-O 5.Bd3 d5 6.a3 Bxc3+ 7.bxc3 dxc4 8.Bxc4 c5
9.Nf3 Qc7 10.Ba2 b6 11.O-O Bb7 12.Nd2 Nbd7 13.Bb2 Rad8 14.Re1 Ne4 15.Nxe4
Bxe4 16.c4 cxd4 17.exd4 Bg6 18.Qe2 Nf6 19.d5 exd5 20.Bxf6 gxf6 21.cxd5 Qd6
22.Bc4 Rc8 23.a4 Rc5 24.Rad1 Kg7 25.Rd4 Rfc8 26.Red1 Qe5 27.Qa2 Rd8 28.Bf1
Rd6 29.Qd2 h5 30.f4 Qe7 31.Qf2 Qd7 32.Bb5 Qc8 33.Bc6 Qf5 34.h3 Rc2 35.R1d2
Rc1+ 36.Rd1 Rc2 37.R4d2 Rc4 38.Rf1 Rc3 39.Qd4 Rcxc6 40.g4 hxg4 41.hxg4 Qxg4+
42.Rg2 Qf5 43.Rg5 Qc2 44.f5 Qc5 45.Qxc5 Rxc5 46.Rg2 Rdxd5 47.fxg6 fxg6 0-1

[Event "Amplico Life Europe-ch blitz"]
[Site "Warsaw POL"]
[Date "2013.12.13"]
[Round "13.3"]
[White "Dubov, Daniil"]
[Black "Dragun, Kamil"]
[Result "1-0"]
[BlackElo "2445"]
[EventDate "2013.12.13"]
[WhiteElo "2683"]

1.Nf3 Nf6 2.g3 e6 3.Bg2 d5 4.O-O Be7 5.b3 O-O 6.Bb2 c5 7.e3 b6 8.c4 Bb7 9.Qe2
Nc6 10.Rd1 dxc4 11.bxc4 Qc7 12.Nc3 a6 13.Rac1 Rfd8 14.d3 Rac8 15.h3 Na5
16.Ne1 Bxg2 17.Nxg2 Qb7 18.a4 Nd7 19.f4 Bf6 20.g4 Nc6 21.g5 Be7 22.h4 Nb4
23.h5 e5 24.Ne4 exf4 25.Nxf4 Nf8 26.Qg2 Qd7 27.Nf6+ Bxf6 28.gxf6 g6 29.Qg5
Qf5 30.Qh6 Qg4+ 31.Kf2 Qh4+ 32.Kf3 Ne6 33.Rh1 Ng5+ 34.Ke2 Qg4+ 35.Ke1 Qg3+
36.Kf1 Qf3+ 37.Kg1 Qxe3+ 38.Kg2 Qf3+ 39.Kg1 Qe3+ 40.Kg2 Ne6 41.Qxh7+ Kxh7
42.hxg6+ Kg8 43.gxf7+ Kxf7 44.Rh7+ Kg8 45.f7+ Kf8 46.Ng6# 1-0

[Event "Amplico Life Europe-ch blitz"]
[Site "Warsaw POL"]
[Date "2013.12.13"]
[Round "13.5"]
[White "Stupak, Kirill"]
[Black "Petrosian, Tigran L."]
[Result "1/2-1/2"]
[BlackElo "2613"]
[EventDate "2013.12.13"]
[WhiteElo "2517"]

1.d4 d5 2.Nf3 c6 3.g3 Nf6 4.Bg2 g6 5.O-O Bg7 6.c4 O-O 7.Qb3 Qb6 8.Nc3 Rd8
9.c5 Qxb3 10.axb3 Na6 11.h3 Bf5 12.g4 Be4 13.Bf4 Bxf3 14.Bxf3 Nd7 15.e3 e5
16.Bg5 exd4 17.exd4 Bxd4 18.Bxd8 Rxd8 19.Rfd1 Bxc5 20.Nxd5 cxd5 21.Rxd5 Bb6
22.Rad1 Nab8 23.g5 Re8 24.Rxd7 Nxd7 25.Rxd7 Re5 26.h4 Rf5 27.Kg2 Kg7 28.Kg3
h6 29.gxh6+ Kxh6 30.Rxb7 f6 31.Rd7 Rc5 32.Be4 f5 33.Bd5 Rc2 34.f4 Bf2+ 35.Kh3
Rd2 36.Be6 Rxd7 37.Bxd7 Be1 38.Be8 Kh5 39.Bf7 Bd2 40.Kg3 Bc1 41.Kf3 Bxb2
42.Be8 Bf6 43.Bf7 Bxh4 44.Be8 Kh6 45.Bf7 Kg7 46.Bc4 Kf6 47.Bg8 Be1 48.Bc4 Ba5
49.Bd3 Bc7 50.Bc4 a5 51.Bd3 Bb8 1/2-1/2